000 006110000a22001570004500
090 _aAR
_b00130
245 1 0 _aInforme final primera fase de consulta: principios, conceptos, objetivos, componentes y acciones prioritarias de la política pública y la estrategia nacional de biodiversidad
650 1 4 _aBiodiversidad
_992204
650 1 4 _aPolíticas ambientales
_95366
651 4 _pColombia
_992749
041 0 _aEspañol
110 1 _aComité Técnico Asesor Estrategia Nacional de Biodiversidad
_992979
650 1 4 _992977
_aPolítica de investigación
942 _cARTICULO
773 1 _tPreprint
_33
_q1-25
_d1994
999 _c9231
_d9231